American families /

Bibliographic Details
Corporate Author: Courses by Newspaper (Project)
Other Authors: Douvan, Elizabeth, 1925-2002, Weingarten, Helen, Scheiber, Jane L.
Format: Book
Language:English
Published: Dubuque, Iowa : Kendall/Hunt Pub. Co., [1980]
Subjects:

MARC

Tag First Indicator Second Indicator Subfields
LEADER 00000cam a2200000 i 4500
001 in00000740321
005 20151016084417.0
008 810116s1980 iaua b 00000 eng
010 |a  80081661  
020 |a 0840322151 (pbk.) 
035 |a (OCoLC)07113006 
035 |9 ADG9488AM 
040 |a DLC  |c DLC  |d m.c.  |d m/c  |d TXA  |d UtOrBLW 
043 |a n-us--- 
049 |a TXAM  |c [A11116918] 
050 0 0 |a HQ536  |b .A544 
050 4 |a HQ536  |b .A544 1980 
082 0 |a 306.8/0973  |2 19 
245 0 0 |a American families /  |c edited by Elizabeth Douvan, Helen Weingarten, Jane L. Scheiber ; [cover photo by Bob Coyle]. 
264 1 |a Dubuque, Iowa :  |b Kendall/Hunt Pub. Co.,  |c [1980] 
264 4 |c ©1980 
300 |a xiii, 480 pages, 61 unnumbered pages :  |b illustrations ;  |c 23 cm. 
336 |a text  |b txt  |2 rdacontent 
337 |a unmediated  |b n  |2 rdamedia 
338 |a volume  |b nc  |2 rdacarrier 
500 |a "A Courses by Newspaper reader." 
500 |a Includes A study guide for American families in transition, by H. Weingarten. 
504 |a Bibliography: pages 465-480. 
650 0 |a Families  |z United States. 
700 1 |a Douvan, Elizabeth,  |d 1925-2002. 
700 1 |a Weingarten, Helen. 
700 1 |a Scheiber, Jane L. 
710 2 |a Courses by Newspaper (Project) 
999 |a MARS 
999 f f |s 4d3945ed-f36e-3462-81b9-7d7bf7cb2861  |i 4197cd28-9f8d-34aa-8218-a7ce7c09b33a  |t 0 
952 f f |p ric  |a Texas A&M University  |b Rellis Campus  |c Joint Library Facility  |s JLF  |d Remote Storage  |t 0  |e HQ536 .A544 1980  |h Library of Congress classification  |i unmediated -- volume  |m A14811116918 
998 f f |a HQ536 .A544 1980  |t 0  |l Remote Storage